000 00299nam a22001337a 4500
008 170531b xxu||||| |||| 00| 0 eng d
020 _a9780618122189
041 _aeng
080 _210 ED
_a94(7/8)
100 _a17
101 _aSHH
245 _aAMERICAN SPIRIT
_cKENEDY.D.M
942 _2udc
_cBK
999 _c15111
_d15111